000
00340nam a22001337a 4500
005
20251108175836.0
008
250721s1982 xx 000 0 ara d
082
1
4
_a
ط/531/جون
100
1
_a
بول, جون و دوروثي
245
1
0
_a
الميكانيكا الميسرة /
264
_c
1982.
942
_2
ddc
_c
BK
999
_c
143732
_d
143732